000 00293nam a2200109Ia 4500
008 200302s9999 xx 000 0 und d
100 _aElias G. and Abu-Saba
245 _aDesign of Steel Structures
260 _bC BC Publishers and Distributors Pvt., Ltd.,
260 _c1997
300 _a391 P.,
999 _c3844
_d3844